[Event "BRA-ch"]
[Site "Fortaleza"]
[Date "1989.08.??"]
[Round "8"]
[White "Milos, Gilberto"]
[Black "Dumont, Sadi Glasser"]
[Result "1-0"]
[WhiteElo "2510"]
[BlackElo "2250"]

1.e4 c5 2.Nf3 e6 3.d4 cxd4 4.Nxd4 Nc6 5.Nc3 a6 6.g3 Nxd4 7.Qxd4 Ne7 8.Bf4 Nc6
9.Qd2 b5 10.Bg2 d6 11.Bxd6 Qxd6 12.Qxd6 Bxd6 13.e5 Bb7 14.exd6 O-O-O 15.O-O-O Na5
16.Bxb7+ Nxb7 17.Ne4 h6 18.Rd3 f5 19.Rc3+ Kb8 20.Nc5 Nxc5 21.Rxc5 Rxd6 22.Rd1 Rhd8
23.Rxd6 Rxd6 24.c4 bxc4 25.Rxc4 Kb7 26.Kc2 Rd5 27.b4 a5 28.a3 axb4 29.axb4 g5
30.Kc3 Re5 31.Kd2 Rd5+ 32.Kc3 Re5 33.Kd2 Rd5+ 34.Ke2 Kb6 35.h3 Kb5 36.Rc8 h5
37.Rh8 g4 38.h4 Kxb4 39.Rxh5 Kc4 40.Rh7 Kd4 41.h5 Ke5 42.Rf7 Ra5 43.h6 Ra1
44.h7 Rh1 45.f3 gxf3+ 46.Kxf3 Rh3 47.Kf2 Rh6 48.g4 fxg4 49.Kg3 Rh1 50.Kxg4 Rg1+
51.Kh5 Ke4 52.Ra7 Kf5 53.Ra4 Rg5+ 54.Kh4 Rg1 55.Ra3  1-0

[Event "Nordic-tt"]
[Site "Aabybro"]
[Date "1989.??.??"]
[Round "?"]
[White "Manninen, Marko"]
[Black "Stefansson, Hannes"]
[Result "1/2-1/2"]
[WhiteElo "2225"]
[BlackElo "2470"]

1.e4 c5 2.Nf3 e6 3.d4 cxd4 4.Nxd4 Nc6 5.Nc3 Qc7 6.Be3 a6 7.Be2 Nf6 8.Qd2 Bb4
9.f3 Ne5 10.a3 Bxc3 11.Qxc3 Qxc3+ 12.bxc3 d5 13.exd5 Nxd5 14.Bd2 Nb6 15.a4 Nbc4
16.Bc1 Na5 17.Bf4 Nec4 18.Nb3 Bd7 19.Bc7 Nxb3 20.cxb3 Rc8 21.Bf4 Na5 22.b4 Nc4
23.Kf2 f6 24.b5 a5 25.Rhd1 g5 26.Bc1 Rc7 27.Rd4 Ne5 28.c4 Nf7 29.Be3 Ke7
30.Rad1 Ne5 31.R4d2 Ra8 32.g3 Be8 33.c5 Nd7 34.b6 Rcc8 35.c6 Rxc6 36.Bb5 Ne5
37.Bxc6 Bxc6 38.Bc5+ Kf7 39.f4 Ng4+ 40.Ke1 gxf4 41.gxf4 Rc8 42.Rd8 Rxd8 43.Rxd8 Nxh2
44.Rc8 Bd5 45.Be3 h5 46.f5 exf5 47.Rc5 Ke6 48.Rxa5 Ng4 49.Bf4 Ne5 50.Kf1 Nd3
51.Bh2 f4 52.Ra8 Bc4 53.Rc8 Ba6 54.Ra8 Bc4 55.Rc8  1/2-1/2

[Event "Albacete"]
[Site "Albacete"]
[Date "1989.??.??"]
[Round "7"]
[White "Alvarez Ibarra, D Rafael"]
[Black "Ochoa de Echaguen, F Javier"]
[Result "1/2-1/2"]
[WhiteElo "2360"]
[BlackElo "2435"]

1.e4 c5 2.Nf3 Nc6 3.Nc3 e6 4.d4 cxd4 5.Nxd4 Nf6 6.Ndb5 d6 7.Bf4 e5 8.Bg5 a6
9.Na3 b5 10.Nd5 Qa5+ 11.Bd2 Qd8 12.Bg5 Be7 13.Bxf6 Bxf6 14.c3 O-O 15.Nc2 Bg5
16.a4 bxa4 17.Rxa4 a5 18.Bc4 Rb8 19.Ra2 Ne7 20.Nce3 Bxe3 21.Nxe3 Be6 22.Qa4 d5
23.exd5 Nxd5 24.Bxd5 Bxd5 25.Nxd5 Qxd5 26.O-O f6 27.Rd1 Qc5 28.Qxa5 Qxa5
29.Rxa5 Rxb2 30.Ra7 Rf7 31.Ra8+ Rf8 32.Ra7  1/2-1/2

[Event "Albacete"]
[Site "Albacete"]
[Date "1989.??.??"]
[Round "9"]
[White "Romero Holmes, Alfonso"]
[Black "Ochoa de Echaguen, F Javier"]
[Result "1/2-1/2"]
[WhiteElo "2445"]
[BlackElo "2435"]

1.e4 c5 2.Nf3 Nc6 3.Nc3 e6 4.d4 cxd4 5.Nxd4 Nf6 6.Ndb5 d6 7.Bf4 e5 8.Bg5 a6
9.Na3 b5 10.Bxf6 gxf6 11.Nd5 Bg7 12.c3 f5 13.exf5 Bxf5 14.Nc2 Be6 15.Nce3 Ne7
16.a4 Nxd5 17.Nxd5 O-O 18.Be2 bxa4 19.Rxa4 a5 20.O-O Kh8 21.Qd2 Rb8 22.b4 axb4
23.cxb4 Qh4 24.Rd1 Bh6  1/2-1/2

[Event "Altensteig"]
[Site "Altensteig"]
[Date "1989.??.??"]
[Round "?"]
[White "Luecke, Norbert"]
[Black "Wahls, Matthias"]
[Result "1/2-1/2"]
[WhiteElo "2415"]
[BlackElo "2535"]

1.e4 c5 2.Nf3 e6 3.d4 cxd4 4.Nxd4 Nc6 5.Nc3 d6 6.Be2 Nf6 7.O-O Be7 8.Be3 O-O
9.f4 Bd7 10.Kh1 Nxd4 11.Bxd4 Bc6 12.Bd3 Nd7 13.Qg4 e5 14.fxe5 dxe5 15.Be3 Kh8
16.Qh5 g6 17.Qh3 Bg5 18.Bc4 Bxe3 19.Qxe3 Kg7 20.Rad1 Qb6 21.Qg3 Rad8 22.b3 f6
23.Qh4 Nc5 24.Nd5 Bxd5 25.Bxd5 Rd6 26.Rf3 Ne6 27.c4 a5 28.Qe1 Nc5 29.Rb1 Qc7
30.a3 Ne6 31.Bxe6 Rxe6 32.Rd3 Rd8 33.Rbd1 Red6 34.Rd5 Rxd5 35.Rxd5 Rxd5 36.exd5 Qc5
37.Qc1 Qd4 38.h3 Qd3 39.b4 axb4 40.axb4 e4 41.Qf4 Qxc4 42.Qd6 Qf1+ 43.Kh2 Kh6
44.Qf8+ Kg5 45.Qe7 Qf4+ 46.Kh1 Kh4 47.Qc5 Kg3 48.Qg1 Qg5 49.d6 Qd5 50.Qe3+ Kh4
51.Qh6+ Kg3 52.Qe3+  1/2-1/2

[Event "Altensteig"]
[Site "Altensteig"]
[Date "1989.??.??"]
[Round "?"]
[White "Kindermann, Stefan"]
[Black "Lau, Ralf"]
[Result "1-0"]
[WhiteElo "2530"]
[BlackElo "2470"]

1.e4 c5 2.Nf3 e6 3.d4 cxd4 4.Nxd4 Nc6 5.Nc3 Qc7 6.g3 a6 7.Bg2 d6 8.O-O Bd7
9.a4 Nf6 10.Nb3 Be7 11.a5 Ne5 12.f4 Nc4 13.Qe2 O-O 14.g4 Rfc8 15.g5 Ne8 16.f5 b5
17.fxe6 Qa7+ 18.Kh1 fxe6 19.Qf3 Ne5 20.Qf4 Nc7 21.Be3 Qb8 22.Bd4 Rf8 23.Qg3 b4
24.Rxf8+ Bxf8 25.Na4 Bxa4 26.Rxa4 Qb5 27.Ra1 Be7 28.Bb6 Qc6 29.Nd4 Qb7 30.Qb3 Kh8
31.Qxb4 Nc6 32.Qc3 Nxd4 33.Qxd4 Nb5 34.Qc4 Rc8 35.Qxe6 Rxc2 36.Rf1 Re2 37.Bd8  1-0

[Event "American op"]
[Site "?"]
[Date "1989.??.??"]
[Round "5"]
[White "Tomkins, Ken"]
[Black "Frias, Victor J"]
[Result "1/2-1/2"]
[WhiteElo "2295"]
[BlackElo "2510"]

1.e4 c5 2.Nf3 e6 3.d4 cxd4 4.Nxd4 Nc6 5.Nc3 a6 6.Be2 d6 7.Be3 Nf6 8.g4 h6
9.Rg1 d5 10.exd5 exd5 11.a3 Qc7 12.h4 Be6 13.g5 hxg5 14.hxg5 Nd7 15.Nxe6 fxe6
16.Bh5+ Kd8 17.Bg4 Qe5 18.Qd2 Bc5 19.O-O-O Bxe3 20.Qxe3  1/2-1/2

[Event "American op"]
[Site "?"]
[Date "1989.??.??"]
[Round "5"]
[White "De Firmian, Nick E"]
[Black "Stone, Raymond"]
[Result "1-0"]
[WhiteElo "2570"]
[BlackElo "2345"]

1.e4 c5 2.Nf3 e6 3.d4 cxd4 4.Nxd4 Nc6 5.Nc3 Qc7 6.g3 d6 7.Bg2 a6 8.O-O Bd7
9.Re1 Be7 10.Nxc6 Bxc6 11.Qg4 h5 12.Qe2 b5 13.h3 Nf6 14.Bg5 b4 15.Nd1 Qb7
16.c4 a5 17.a3 O-O 18.a4 g6 19.b3 Rfe8 20.Qc2 Nd7 21.Bxe7 Rxe7 22.Nb2 Nc5
23.Rad1 Rd7 24.Nd3 Nxe4 25.Nxb4 Qxb4 26.Bxe4 Bxe4 27.Rxe4 Rb8 28.Re3 Rc7
29.Qe4 Qc5 30.Qf4 Rb6 31.Qf6 Rcb7 32.Rdd3 Qc7 33.c5 Rc6 34.Rxe6 fxe6 35.Qxg6+ Qg7
36.Qe8+  1-0

[Event "ARG-ch"]
[Site "?"]
[Date "1989.??.??"]
[Round "1"]
[White "Paglilla, Carlos"]
[Black "Bronstein, Luis"]
[Result "1/2-1/2"]
[WhiteElo "2395"]
[BlackElo "2395"]

1.e4 c5 2.Nf3 e6 3.d4 cxd4 4.Nxd4 Nc6 5.Nc3 a6 6.f4 Qc7 7.Nb3 b5 8.Bd3 Bb7
9.O-O h5 10.e5 d6 11.exd6 Bxd6 12.a4 b4 13.Ne4 Nf6 14.Nxd6+ Qxd6 15.Bc4 Qc7
16.Qe2 Ng4 17.h3 Qb6+ 18.Kh1 Nd4 19.Nxd4 Qxd4 20.c3 Qf6 21.cxb4 Nh6 22.Qe5 Qg6
23.Bb5+ Kf8 24.Bc6 Bxc6 25.Qd6+ Kg8 26.Qxc6 Kh7 27.Ra3 Nf5 28.Qf3 h4 29.Kh2 Rhd8
30.Be3 Rd5 31.a5 Rad8 32.Bb6 R8d7 33.Qg4 Qf6 34.Rc3 Rd2 35.Qh5+ Qh6 36.Qxh6+ Kxh6
37.Rf2 Rxf2 38.Bxf2 Rd2 39.Be1 Re2 40.Rc1 Rxb2 41.Kg1 Ne3 42.Bf2 Nd5 43.f5 exf5
44.Rc5 Nxb4 45.Rxf5 Rb1+ 46.Kh2 Kg6 47.Rf4 f6  1/2-1/2

[Event "ARG-ch"]
[Site "?"]
[Date "1989.??.??"]
[Round "5"]
[White "Gomez Baillo, Jorge H"]
[Black "Bronstein, Luis"]
[Result "1/2-1/2"]
[WhiteElo "2445"]
[BlackElo "2395"]

1.e4 c5 2.Nf3 e6 3.d4 cxd4 4.Nxd4 Nc6 5.Nc3 Qc7 6.f4 a6 7.Nxc6 Qxc6 8.Be2 Bc5
9.Bf3 d6 10.Qd3 Ne7 11.Be3 Bxe3 12.Qxe3 b5 13.a3 Rb8 14.O-O Qb6 15.Rfe1 g5
16.Qxb6 Rxb6 17.e5 gxf4 18.exd6 Rxd6 19.Ne4 Rd8 20.Nf6+ Kf8 21.a4 bxa4 22.Rxa4 Ng6
23.Rb4 e5 24.Rb6 Be6 25.Bg4 Bxg4 26.Nxg4 Rd2 27.Nxe5 Nxe5 28.Rxe5 f3 29.Rb8+ Kg7
30.Rg5+ Kf6 31.Rxh8 Kxg5 32.gxf3 Rxc2 33.Rxh7 f5 34.Ra7 Kf4 35.Rxa6 Rxb2
36.Ra3 Rc2 37.Rb3 Ra2 38.Rc3 Rd2 39.Ra3  1/2-1/2

[Event "ARG-ch"]
[Site "?"]
[Date "1989.??.??"]
[Round "7"]
[White "Gomez Baillo, Jorge H"]
[Black "Needleman, Alejandro"]
[Result "1/2-1/2"]
[WhiteElo "2445"]
[BlackElo "2280"]

1.e4 c5 2.Nf3 e6 3.d4 cxd4 4.Nxd4 Nc6 5.Nc3 Qc7 6.f4 a6 7.Nxc6 Qxc6 8.Be2 b5
9.Bf3 Bb7 10.Be3 Bb4 11.Bd4 Nf6 12.Bxf6 gxf6 13.Qd4 Bxc3+ 14.bxc3 Rc8 15.e5 Qc7
16.Bxb7 Qxb7 17.exf6 Rc4 18.Qd6 Qe4+ 19.Kd1 Kd8 20.Qb8+ Rc8 21.Qb6+ Rc7 22.Qb8+ Rc8
23.Qb6+ Rc7 24.Qb8+  1/2-1/2

[Event "ARG-ch"]
[Site "?"]
[Date "1989.??.??"]
[Round "16"]
[White "Servat, Roberto"]
[Black "Rubinetti, Jorge A"]
[Result "0-1"]
[WhiteElo "2445"]
[BlackElo "2460"]

1.d4 e6 2.e4 c5 3.Nf3 cxd4 4.Nxd4 Nc6 5.Nc3 a6 6.Be2 Qc7 7.O-O Nf6 8.Kh1 Bb4
9.Bg5 Bxc3 10.Bxf6 gxf6 11.bxc3 h5 12.f4 h4 13.h3 Ne7 14.Qd2 b6 15.Rab1 Bb7
16.Qe3 Qc5 17.Qd3 Rd8 18.Nb3 Qc6 19.Bf3 Qc7 20.Nd4 Ng6 21.Ne2 b5 22.Qd4 e5
23.fxe5 fxe5 24.Qf2 d6 25.a4 bxa4 26.Qa7 Rd7 27.Rb6 O-O 28.Rfb1 a3 29.Nc1 Bc8
30.Qxc7 Rxc7 31.R6b3 f5 32.exf5 Bxf5 33.Rxa3 Bxc2 34.Rb6 e4 35.Be2 Nf4 36.Bg4 d5
37.Rbxa6 e3 38.Kg1 Re7 39.Ra2 e2 40.Nxe2 Nxe2+ 41.Kh2 Ng3 42.Rh6 Rh7 43.Rxh7 Kxh7
44.Bf3 Be4  0-1

[Event "ARG-ch sf"]
[Site "ARG"]
[Date "1989.??.??"]
[Round "?"]
[White "Bronstein, Luis"]
[Black "Needleman, Alejandro"]
[Result "1-0"]
[WhiteElo "2395"]
[BlackElo "2280"]

1.e4 c5 2.Nf3 e6 3.d4 cxd4 4.Nxd4 Nc6 5.Nc3 Qc7 6.g3 a6 7.Bg2 Nf6 8.O-O Nxd4
9.Qxd4 Bc5 10.Bf4 d6 11.Qd2 h6 12.Rad1 e5 13.Be3 Ke7 14.Bxc5 Qxc5 15.Na4 Qc6
16.f4 Nd7 17.Rf3 Nc5 18.Nxc5 Qxc5+ 19.Kh1 Bg4 20.Rc3 Qb6 21.Rb3 Qc6 22.fxe5 Bxd1
23.exd6+ Kf8 24.Qxd1 Rd8 25.e5 Qc5 26.Rxb7 Qxe5 27.Qf1 f5 28.Qc4 Qe1+ 29.Bf1 Qe4+
30.Qxe4 fxe4 31.c4 Kg8 32.c5 Kh7 33.Re7 Rhf8 34.Bg2 Rb8 35.Bxe4+ Kh8 36.d7 Rxb2
37.Re8 Rb8 38.Rxb8 Rxb8 39.c6  1-0

[Event "EU-ch U20"]
[Site "Arnhem"]
[Date "1989.??.??"]
[Round "?"]
[White "Brandner, Stefan"]
[Black "Fogarasi, Tibor"]
[Result "0-1"]
[WhiteElo "2305"]
[BlackElo "2395"]

1.e4 c5 2.Nf3 e6 3.d4 cxd4 4.Nxd4 Nc6 5.Nc3 Qc7 6.f4 a6 7.Be2 Nxd4 8.Qxd4 b5
9.Be3 Bb7 10.O-O Rc8 11.Rad1 Nf6 12.e5 Nd5 13.Nxd5 Bxd5 14.Bf3 Bc5 15.Qxc5 Qxc5
16.Bxc5 Bxf3 17.Rxf3 Rxc5 18.c3 Ke7 19.Rfd3 Rd8 20.Kf2 f6 21.exf6+ gxf6 22.g4 a5
23.h4 h6 24.Ke3 d5 25.Rg1 Rc4 26.Rd4 e5 27.Rxc4 bxc4 28.g5 hxg5 29.hxg5 exf4+
30.Kxf4 fxg5+ 31.Rxg5 Kd6 32.b3 Kc5 33.Ke3 Rb8 34.bxc4 Kxc4 35.a4 Rh8 36.Rg7 Rh3+
37.Kf4 Kxc3 38.Ke5 d4 39.Rc7+ Kd3 40.Rd7 Ke3 41.Kd5 d3 42.Kc4 Ke2 43.Kc3 Re3
44.Rd5 Re8 45.Rxa5 Rd8 46.Re5+ Kd1 47.Rh5 d2 48.a5 Ke2 49.Rh2+ Ke3 50.Rh3+ Kf4
51.Rh4+ Kf3 52.Rh1 d1=Q 53.Rxd1 Rxd1 54.Kc4 Ke4  0-1

[Event "Athens op"]
[Site "Athens"]
[Date "1989.??.??"]
[Round "?"]
[White "Pandavos, Panayotis"]
[Black "Martidis, Alkis"]
[Result "1-0"]
[WhiteElo "2300"]
[BlackElo "2285"]

1.e4 c5 2.Nf3 e6 3.d4 cxd4 4.Nxd4 Nc6 5.Nc3 Qc7 6.g3 a6 7.Bg2 Nf6 8.O-O Be7
9.Re1 O-O 10.Nxc6 bxc6 11.e5 Nd5 12.Na4 Nb6 13.Qg4 Kh8 14.Nxb6 Qxb6 15.b3 Bb7
16.Be3 c5 17.Rad1 Bxg2 18.Kxg2 Qc6+ 19.Kg1 Rab8 20.Rd3 Rb7 21.Bg5 f6 22.exf6 gxf6
23.Bc1 Rg8 24.Qe4 Qxe4 25.Rxe4 Kg7 26.Bb2 Kf7 27.Rh4 Rg7 28.c4 Kg8 29.Re4 f5
30.Re2 Rg6 31.Be5 Kf7 32.Red2 Ke8 33.Bd6 Ra7 34.f4 Rg8 35.Re2 Bxd6 36.Rxd6 Ke7
37.Rd5 d6 38.Rxf5 a5 39.Rh5 Kf6 40.Rd2 Rd8 41.Rxc5 a4 42.Rc6 axb3 43.axb3 Rb7
44.Rd3 Kf5 45.Kf2 h5 46.Kf3 d5 47.h3 Rg8 48.Re3 dxc4 49.Rcxe6 Rxg3+ 50.Kxg3 h4+
51.Kf3  1-0

[Event "Akropolis op"]
[Site "Athens"]
[Date "1989.??.??"]
[Round "?"]
[White "Moutousis, Konstantinos"]
[Black "Filipowicz, Andrzej"]
[Result "0-1"]
[WhiteElo "2315"]
[BlackElo "2405"]

1.e4 c5 2.Nf3 e6 3.d4 cxd4 4.Nxd4 Nc6 5.Nc3 a6 6.f4 Qc7 7.Be3 b5 8.Be2 Bb7
9.Bf3 d6 10.O-O Nf6 11.Nb3 Be7 12.g4 h6 13.a4 b4 14.Ne2 e5 15.f5 Na5 16.Nxa5 Qxa5
17.Ng3 d5 18.exd5 Bxd5 19.Bxd5 Qxd5 20.Qe2 O-O 21.h4 Nh7 22.Qh2 Qc4 23.Qh3 Rad8
24.Rf2 Nf6 25.g5 Ng4 26.f6 Nxf2 27.Bxf2 Bc5 28.Rf1 Bxf2+ 29.Rxf2 Rd1+ 30.Kh2 Qd4
31.Rg2 Qf4 32.Qf5  0-1

[Event "Akropolis op"]
[Site "Athens"]
[Date "1989.??.??"]
[Round "?"]
[White "Gochev, Mladen"]
[Black "Martidis, Alkis"]
[Result "1/2-1/2"]
[WhiteElo "2360"]
[BlackElo "2285"]

1.e4 c5 2.Nf3 e6 3.d4 cxd4 4.Nxd4 Nc6 5.Nc3 Qc7 6.g3 a6 7.Bg2 Nf6 8.O-O Be7
9.Re1 O-O 10.Nxc6 bxc6 11.e5 Nd5 12.Na4 a5 13.b3 Bb4 14.Bd2 Nb6 15.Bxb4 axb4
16.Nxb6 Qxb6 17.Qd6 f6 18.Be4 Rf7 19.exf6 Rxf6 20.Re3 Ba6 21.Rae1 Raf8 22.f3 R8f7
23.Kg2 e5 24.Qxe5 d5 25.Bd3 Bc8 26.Qe8+ Rf8 27.Qh5 Rh6 28.Qg5 Bh3+ 29.Kh1 Re6
30.Bxh7+ Kxh7 31.Rxe6 Bxe6 32.Rxe6 Qf2 33.Qg6+ Kg8 34.Qd3 Rxf3 35.Qe2 c5
36.Re8+ Kh7 37.Re5 Qxe2 38.Rxe2 Rf1+ 39.Kg2 Ra1 40.Kf2 Rxa2 41.Rd2 c4  1/2-1/2

[Event "Akropolis op"]
[Site "Athens"]
[Date "1989.??.??"]
[Round "?"]
[White "Dimitrov, Vladimir"]
[Black "Filipowicz, Andrzej"]
[Result "1-0"]
[WhiteElo "2420"]
[BlackElo "2405"]

1.e4 c5 2.Nf3 e6 3.d4 cxd4 4.Nxd4 Nc6 5.Nc3 Qc7 6.Be2 a6 7.O-O b5 8.Nxc6 Qxc6
9.Bf3 Bb7 10.Re1 Rc8 11.a4 b4 12.e5 Qc7 13.Bxb7 Qxb7 14.Ne4 h5 15.Bg5 Nh6
16.Qxh5 Rxc2 17.Qf3 Qb8 18.Rad1 Qc7 19.Qd3 a5 20.Rc1 f5 21.Nd6+  1-0

[Event "Augustow"]
[Site "Augustow"]
[Date "1989.??.??"]
[Round "1"]
[White "Juroszek, Tadeusz"]
[Black "Szypulski, Andrzej"]
[Result "1-0"]
[WhiteElo "2425"]
[BlackElo "2390"]

1.e4 c5 2.Nf3 e6 3.d4 cxd4 4.Nxd4 Nc6 5.Nc3 a6 6.Nxc6 bxc6 7.e5 Bb7 8.Bd3 Qc7
9.Qh5 c5 10.O-O c4 11.Be4 Ne7 12.Bf4 Ng6 13.Bg3 Bc5 14.Rfe1 Rb8 15.Rab1 Bd4
16.Nd1 O-O 17.c3 Bc5 18.Qg4 Rfc8 19.h4 Bxe4 20.Rxe4 Ne7 21.Bf4 Nf5 22.Ne3 Bxe3
23.Bxe3 Rb5 24.Bd4 Nxd4 25.cxd4 c3 26.b3 c2 27.Rc1 Qc3 28.Qg5 Qd3 29.Rg4 g6
30.h5 Qe2 31.Kh2 Qd3 32.h6 Qf5 33.Qxf5 exf5 34.Rg3 Ra5 35.a4 Rd5 36.Rd3 d6
37.exd6 Rxd6 38.Rd2 g5 39.Rdxc2 Rxc2 40.Rxc2 Rxh6+ 41.Kg3 Rd6 42.Rc4 Kg7
43.b4 Rb6 44.f4 h6 45.d5 Kf8 46.Kf3 Ke7 47.Ke3 Kd7 48.Kd4 f6 49.Kc5 Rb8 50.b5 axb5
51.axb5 h5 52.b6 h4 53.Ra4 Rc8+ 54.Kb5 Kd6 55.b7 Rb8 56.Kb6 Kxd5 57.Kc7 Rxb7+
58.Kxb7 g4 59.Kb6 h3 60.gxh3 gxh3 61.Ra3  1-0

[Event "AUT-chT"]
[Site "?"]
[Date "1989.??.??"]
[Round "?"]
[White "Wittmann, Walter"]
[Black "Brestian, Egon"]
[Result "1/2-1/2"]
[WhiteElo "2400"]
[BlackElo "2465"]

1.e4 c5 2.Nc3 e6 3.Nge2 Nc6 4.d4 cxd4 5.Nxd4 d6 6.Be3 Nf6 7.f4 d5 8.e5 Nd7
9.Qd2 a6 10.Be2 Bc5 11.O-O-O Nxd4 12.Bxd4 b5 13.Ne4 Be7 14.Ng5 Bb7 15.Qe3 Rc8
16.h4 Qc7 17.Bd3 h6 18.Nf3 Nc5 19.Kb1 Nxd3 20.cxd3 Qc2+ 21.Ka1 b4 22.g4 Qa4
23.b3 Qd7 24.Rc1 a5 25.Rxc8+ Bxc8 26.Rc1 Ba6 27.Bc5 O-O 28.Bxe7 Qxe7 29.f5 exf5
30.gxf5 Rc8 31.Rg1 Qc7 32.Qd4 Kf8 33.f6 g6 34.e6 fxe6 35.Ne5 Qc3+ 36.Qxc3 Rxc3
37.Rg3 Bb5 38.Kb2 Be8 39.a3 Rc7 40.axb4 axb4 41.d4 g5 42.hxg5 hxg5 43.Rxg5 Rh7
44.Rg3 Rh2+ 45.Kc1 Rf2 46.Nd3  1/2-1/2

[Event "AUT-chT"]
[Site "?"]
[Date "1989.??.??"]
[Round "?"]
[White "Hoelzl, Franz"]
[Black "Duer, Arne"]
[Result "0-1"]
[WhiteElo "2350"]
[BlackElo "2390"]

1.e4 c5 2.Nf3 Nc6 3.d4 cxd4 4.Nxd4 e6 5.Nc3 d6 6.g4 a6 7.Bg2 Nge7 8.g5 Nxd4
9.Qxd4 Nc6 10.Qe3 Be7 11.h4 O-O 12.b3 d5 13.exd5 Nb4 14.Qd2 exd5 15.O-O d4
16.Ne4 Be6 17.a3 Nc6 18.Bb2 f5 19.gxf6 Bxf6 20.h5 h6 21.Rfe1 Bh4 22.Ng3 Bd5
23.Qe2 Bxg2 24.Kxg2 Bxg3 25.fxg3 Qd5+ 26.Kh3 Kh8 27.Rad1 Rf5 28.Qe4 Rxh5+
29.Kg2 Qd7 30.Qe6 Qc7 31.Bc1 Rf8 32.Rf1 Qd8 33.Qg6 Qd5+  0-1

[Event "Barnsdale YM"]
[Site "Barnsdale"]
[Date "1989.??.??"]
[Round "?"]
[White "Lawton, Geoffrey W"]
[Black "Arkell, Keith C"]
[Result "0-1"]
[WhiteElo "2375"]
[BlackElo "2445"]

1.e4 c5 2.Nf3 e6 3.d4 cxd4 4.Nxd4 Nc6 5.Nc3 Qc7 6.g3 a6 7.Bg2 Nf6 8.O-O Be7
9.Re1 Nxd4 10.Qxd4 d6 11.e5 dxe5 12.Qxe5 Bd6 13.Qe2 O-O 14.Bg5 Be7 15.Rad1 h6
16.Bf4 Qb6 17.Na4 Qb5 18.b3 Bd7 19.Qe3 Bc6 20.c4 Qh5 21.Bxc6 bxc6 22.Qe2 Qf5
23.Bd6 Bxd6 24.Rxd6 Rfd8 25.Rxc6 Rd4 26.Rc5 Qg6 27.Re5 Rad8 28.Qf3 Rd3 29.R5e3 Rd2
30.Nc3 Ng4 31.Re4 Nxf2 32.R4e2 Nh3+ 33.Kg2 Ng5 34.Qf2 Rxe2 35.Qxe2 Qf5 36.Rf1 Qh3+
37.Kg1 h5 38.Ne4 Nxe4 39.Qxe4 Rd2 40.Qa8+ Kh7 41.Qh1 Rxa2 42.c5 Kh6 43.c6 Rc2
44.c7 Qg4 45.Qa8 Qe2  0-1

[Event "GMA-qual"]
[Site "Belgorod"]
[Date "1989.??.??"]
[Round "?"]
[White "Minasian, Artashes"]
[Black "Tsarev, V."]
[Result "1-0"]
[WhiteElo "2345"]
[BlackElo "2430"]

1.e4 c5 2.Nf3 e6 3.Nc3 Nc6 4.d4 cxd4 5.Nxd4 Qc7 6.g3 a6 7.Bg2 Nf6 8.O-O d6
9.a4 Bd7 10.Nb3 Be7 11.a5 O-O 12.Be3 Ne5 13.Nd2 Bc6 14.Qe2 Rfe8 15.f4 Ng6
16.h3 Nd7 17.Nc4 Rac8 18.Rfd1 d5 19.Nb6 Nxb6 20.Bxb6 Qb8 21.exd5 exd5 22.Qf2 Bf6
23.Nxd5 Bxb2 24.Rab1 Bf6 25.h4 Bd8 26.Ba7 Qa8 27.h5 Ne7 28.c4 Bxa5 29.Bb6 Nxd5
30.cxd5 Bxb6 31.Qxb6 Bb5 32.d6 Rcd8 33.Rbc1 Be2 34.Rd5 Bg4 35.Rg5 Be6 36.h6 g6
37.Qd4 f6 38.Rc7 Rf8 39.f5 Bxf5 40.Rxf5 gxf5 41.Qd5+  1-0

[Event "GMA-qual"]
[Site "Belgorod"]
[Date "1989.??.??"]
[Round "?"]
[White "Moroz, Alexander"]
[Black "Tunik, Gennady"]
[Result "1/2-1/2"]
[WhiteElo "2345"]
[BlackElo "2435"]

1.e4 c5 2.Nf3 e6 3.d4 cxd4 4.Nxd4 Nc6 5.Nc3 a6 6.f4 Nxd4 7.Qxd4 b5 8.Be2 Bb7
9.O-O Rc8 10.Qd3 Nf6 11.a3 d5 12.e5 Ne4 13.Be3 Nxc3 14.bxc3 Qc7 15.Bd4 Bc5
16.Qg3 O-O 17.Bd3 f5 18.exf6 Rxf6 19.Qe3 Bxd4 20.cxd4 Rcf8 21.Qe5 Qxe5 22.fxe5 Rxf1+
23.Rxf1 Rc8 24.Kf2 Bc6 25.Ke3 Be8 26.Rb1 Kf8 27.Kd2 Bg6 28.Bxg6 hxg6 29.c3 Rc4
30.h4 Ra4 31.Ra1 Kg8 32.Kc2 g5 33.hxg5 Kh7 34.Kd3 Rc4 35.Rh1+ Kg6 36.Rh8 Kxg5
37.Rd8 Kf5 38.Rd6 a5 39.Rb6 a4 40.Kc2 Rc8 41.Rxb5 Ke4 42.Ra5 Rf8 43.Rxa4 Rf2+
44.Kb3 Rxg2 45.Ra6 Kf5 46.Ra8 Rg1 47.a4 g5 48.a5 g4 49.a6 Ra1 50.Kb2 Ra5
51.a7 Ke4 52.Kc2 g3 53.Rg8 Ra2+ 54.Kb3 Rxa7 55.Rxg3 Rb7+ 56.Kc2 Ra7 57.Rg8 Ra2+
58.Kb3 Ra7 59.Rh8 Ra6 60.Rg8 Ra7 61.Rg2 Kd3 62.Rg3+ Ke4 63.Rh3 Ra8 64.Rh1 Kd3
65.Rd1+ Ke2 66.Rh1 Kd3 67.Rh3+ Ke4 68.Kb4 Rc8 69.Rg3 Rc7 70.Rg1 Kd3 71.Rg3+ Ke4
72.Rg6 Kd3 73.Rxe6 Rxc3 74.Rh6 Rc4+ 75.Kb5 Kxd4 76.Rh4+  1/2-1/2

[Event "Belgrade op"]
[Site "Belgrade"]
[Date "1989.??.??"]
[Round "4"]
[White "Mrsevic, Miroslav"]
[Black "Tosic, Miroslav"]
[Result "0-1"]
[WhiteElo "2270"]
[BlackElo "2375"]

1.e4 c5 2.Nf3 e6 3.d4 cxd4 4.Nxd4 Nc6 5.Nc3 d6 6.g3 Bd7 7.Bg2 Nf6 8.O-O Be7
9.Ndb5 Qb8 10.a4 O-O 11.f4 Rd8 12.g4 Be8 13.g5 Nd7 14.Be3 a6 15.Na3 Qc7 16.Qe2 Rab8
17.Rad1 Nc5 18.h4 Qa5 19.Bd2 Qc7 20.Be3 Bf8 21.Bh3 Ne7 22.Qf2 b5 23.axb5 axb5
24.e5 Nf5 25.Bxf5 exf5 26.exd6 Rxd6 27.Nd5 Qd8 28.Bxc5 Rxd5 29.Bd4 b4 30.Nb1 Bc5
31.c3 bxc3 32.bxc3 Rxb1 33.Rxb1 Rxd4 34.Rb8 Rd3 35.Qxc5 Qxb8 36.Re1 Bd7 37.h5 Qd6
38.Qa5 h6 39.gxh6 Qxf4  0-1

[Event "Belgrade op"]
[Site "Belgrade"]
[Date "1989.??.??"]
[Round "6"]
[White "Sermek, Drazen"]
[Black "Tosic, Miroslav"]
[Result "1/2-1/2"]
[WhiteElo "2320"]
[BlackElo "2375"]

1.e4 c5 2.Nf3 e6 3.d4 cxd4 4.Nxd4 Nc6 5.Nc3 d6 6.Be2 Nf6 7.O-O Be7 8.Kh1 O-O
9.f4 a6 10.Bf3 Qc7 11.e5 Nxd4 12.Qxd4 Nd7 13.exd6 Bxd6 14.Rd1 Bc5 15.Qd3 Nf6
16.Be3 Bxe3 17.Qxe3 Bd7 18.Rd2 Bc6 19.Rad1 Rac8 20.Bxc6 Qxc6 21.Rd6 Qc4 22.R1d4 Qc5
23.Rd3 Qxe3 24.Rxe3 Rc4 25.g3 Rfc8 26.Rb6 R4c7 27.Kg2 g6 28.Rd3 Kf8 29.Rd4 Re7
30.Kf3 h5 31.h3 Kg7 32.g4 hxg4+ 33.hxg4 e5 34.Rdb4 exf4 35.g5 Nh7 36.Ne4 Rxc2
37.Rxb7 Re5 38.Kxf4 Rf5+ 39.Ke3 Nxg5 40.Nxg5 Rxg5 41.Rf4 Rg3+ 42.Kd4 Rgg2
43.Rfxf7+ Kh6 44.Rf6 Rcd2+ 45.Kc3 Rc2+ 46.Kd3 Rxb2 47.Rxb2 Rxb2 48.Rxa6 Kh5
49.Ke3 g5 50.Kf3 Rc2 51.Kg3 Rc3+ 52.Kg2 Kh4 53.Rh6+ Kg4 54.Ra6 Rc2+ 55.Kg1 Kh3
56.Ra3+ Kh4 57.Ra4+ g4 58.Ra3 Rb2 59.Kf1 Rb1+ 60.Kg2 Rc1  1/2-1/2

[Event "Belgrade (Women)"]
[Site "Belgrade"]
[Date "1989.??.??"]
[Round "6"]
[White "Galliamova, Alisa"]
[Black "Chelushkina, Irina"]
[Result "0-1"]
[WhiteElo "2335"]
[BlackElo "2310"]

1.e4 c5 2.Nf3 e6 3.d4 cxd4 4.Nxd4 Nc6 5.Nc3 Nxd4 6.Qxd4 a6 7.g3 Ne7 8.Bf4 Nc6
9.Qd2 Be7 10.Bg2 b5 11.O-O O-O 12.Rfd1 b4 13.Nd5 exd5 14.exd5 Qb6 15.Re1 Bc5
16.dxc6 dxc6 17.Bd6 Be6 18.Bxf8 Rxf8 19.a3 bxa3 20.bxa3 Bd4 21.Rab1 Qc5 22.Red1 Bf6
23.Qe3 Qxc2 24.Rbc1 Qa2 25.Rxc6 a5 26.Qc5 Qb3 27.Re1 a4 28.Rb6 Qa2 29.Bh3 Bd4
30.Qxd4 Bxh3 31.Qxa4 h6 32.Qh4 Qd2 33.Reb1 Bf5 34.Qb4 Qd5 35.Re1 Bh3 36.Qe4 Qa5
37.Rb3 f5 38.Qe6+ Kh7 39.Rc1 Qa8 40.Qc6 Rc8 41.Rbc3 Rxc6 42.Rxc6 Qxa3 43.R6c3 Qa8
44.f3 Qd5 45.Kh1 Qd2 46.R3c2 Qe3 47.Rc3 Qf2 48.Rg1 Bf1 49.f4 Ba6 50.Rc7 Bd3
51.Re7 Be4+ 52.Rxe4 fxe4 53.Rg2 Qf1+ 54.Rg1 Qf3+ 55.Rg2 e3  0-1

[Event "Belgrade op"]
[Site "Belgrade"]
[Date "1989.??.??"]
[Round "9"]
[White "Sermek, Drazen"]
[Black "Vratonjic, Slobodan"]
[Result "1/2-1/2"]
[WhiteElo "2320"]
[BlackElo "2385"]

1.e4 c5 2.Nf3 e6 3.d4 cxd4 4.Nxd4 Nc6 5.Nc3 d6 6.Be2 Nf6 7.O-O Be7 8.Kh1 O-O
9.f4 Qc7 10.Bf3 Bd7 11.Ndb5 Qb8 12.a4  1/2-1/2

[Event "Belgrade op"]
[Site "Belgrade"]
[Date "1989.??.??"]
[Round "9"]
[White "Kosanovic, Goran A"]
[Black "Pikula, Dejan"]
[Result "1-0"]
[WhiteElo "2410"]
[BlackElo "2260"]

1.e4 c5 2.Nf3 e6 3.Nc3 Nc6 4.d4 cxd4 5.Nxd4 d6 6.Be3 Nf6 7.Bc4 a6 8.Bb3 Na5
9.f4 Nxb3 10.axb3 Be7 11.Qf3 O-O 12.g4 g6 13.O-O-O Qa5 14.h4 e5 15.f5 d5
16.exd5 exd4 17.Bxd4 Nxg4 18.Qxg4 Bc5 19.Rhf1 Re8 20.Kb1 Bxd4 21.Qxd4 Bxf5
22.Rxf5 gxf5 23.Rg1+ Kf8 24.b4 Qd8 25.d6  1-0

[Event "Bern op"]
[Site "Bern"]
[Date "1989.??.??"]
[Round "?"]
[White "Damljanovic, Branko"]
[Black "Kaenel, Hansjuerg"]
[Result "1-0"]
[WhiteElo "2530"]
[BlackElo "2350"]

1.e4 c5 2.Nf3 e6 3.d4 cxd4 4.Nxd4 Nc6 5.Nc3 Qc7 6.Be2 a6 7.O-O Nf6 8.Be3 Bb4
9.Na4 O-O 10.Nxc6 bxc6 11.c4 Be7 12.Qc2 c5 13.f4 d6 14.Rae1 Bb7 15.Bd3 Nd7
16.Nc3 Rad8 17.Bc1 Nb8 18.Re3 Nc6 19.Qd1 Nd4 20.Rh3 f5 21.Qh5 h6 22.exf5 exf5
23.Rg3 Kh8 24.Be3 Bf6 25.Kh1 Qf7 26.Qh3 Rb8 27.b3 Rbe8 28.Bd2 Re7 29.Nd1 Be4
30.Bxe4 Rxe4 31.Nc3 Re6 32.Nd5 Rfe8 33.Re3 Rxe3 34.Bxe3 Re4 35.g4 fxg4 36.Qxg4 Nc2
37.Bd2 Qe6 38.Qxe6 Rxe6 39.f5 Re2 40.Bxh6 Be5 41.Bf4 Nd4 42.Nc3 Rc2 43.Bxe5 dxe5
44.Ne4 Rxa2 45.Nxc5 Re2 46.Ne6 Nxb3 47.Rb1 Re3 48.c5 Rc3 49.c6 a5 50.c7 a4
51.Rb2 Rc1+ 52.Kg2 Kh7 53.Kf3 Nd4+ 54.Ke4 Nxe6 55.fxe6 Rxc7 56.Kxe5 a3 57.Ra2 Ra7
58.Kd6 Ra6+ 59.Kd7 Ra7+ 60.Ke8 Ra8+ 61.Kf7 Ra4 62.e7 Rf4+ 63.Ke6 Re4+ 64.Kd6 Re1
65.Rxa3 Rd1+ 66.Ke6 Re1+ 67.Kf7 Rf1+ 68.Ke8  1-0